|
|
|
|
| LEADER |
00000nam0a2200000 4500 |
| 001 |
193801 |
| 005 |
20231031182037.0 |
| 020 |
|
|
|a RU
|b 82-18208
|
| 035 |
|
|
|a (RuTPU)RU\TPU\book\211349
|
| 090 |
|
|
|a 193801
|
| 100 |
|
|
|a 20110329d1982 m y0rusy5003 ca
|
| 101 |
0 |
|
|a rus
|
| 102 |
|
|
|a UA
|
| 105 |
|
|
|a y j 001zy
|
| 200 |
1 |
|
|a Аккумуляторы и уход за ними
|e пособие аккумуляторщику
|f С. С. Деордиев
|
| 210 |
|
|
|a Киев
|c Технiка
|d 1982
|
| 215 |
|
|
|a 207 с.
|c ил.
|d 17 см.
|
| 320 |
|
|
|a Библиогр.: с. 203.
|
| 610 |
1 |
|
|a кислотные аккумуляторы
|
| 610 |
1 |
|
|a щелочные аккумуляторы
|
| 610 |
1 |
|
|a характеристика
|
| 610 |
1 |
|
|a назначение
|
| 610 |
1 |
|
|a требования
|
| 610 |
1 |
|
|a конструкции
|
| 610 |
1 |
|
|a действие
|
| 610 |
1 |
|
|a долговечность
|
| 610 |
1 |
|
|a заряд
|
| 610 |
1 |
|
|a разряд
|
| 610 |
1 |
|
|a хранение
|
| 610 |
1 |
|
|a отбраковка
|
| 610 |
1 |
|
|a утилизация
|
| 610 |
1 |
|
|a маркировка
|
| 610 |
1 |
|
|a автомобильные аккумуляторы
|
| 610 |
1 |
|
|a тракторные аккумуляторы
|
| 610 |
1 |
|
|a электролиты
|
| 610 |
1 |
|
|a аккумуляторные батареи
|
| 610 |
1 |
|
|a пособия
|
| 675 |
|
|
|a 621.355(07)
|z rus
|v 3
|
| 700 |
|
1 |
|a Деордиев
|b С. С.
|g Степан Степанович
|4 070
|
| 801 |
|
0 |
|a RU
|b RuMRKP
|c 19950704
|g psbo
|
| 801 |
|
1 |
|a RU
|b 63413507
|c 20110329
|
| 801 |
|
2 |
|a RU
|b 63413507
|c 20140204
|g RCR
|
| 942 |
|
|
|c BK
|